| 000 | 00476nam a22001457a 4500 | ||
|---|---|---|---|
| 020 | _a9781628256642 | ||
| 040 | _cNUST | ||
| 082 |
_a658.404 _bPMI |
||
| 100 |
_aProject Management Institute _913254 |
||
| 245 | _aThe Standard for Project Management and a Guide to the Project Management Body of Knowledge (PMBOK Guide) | ||
| 250 | _a7th Edition | ||
| 260 |
_aUSA: _bProject Management Institute, _c2021. |
||
| 650 |
_aProject Management Standards _9125424 |
||
| 942 |
_2ddc _cBK |
||
| 999 |
_c611177 _d611177 |
||